| 000 | 00864cam a22002655i 4500 | ||
|---|---|---|---|
| 999 |
_c15301 _d15301 |
||
| 003 | EG-ScBUE | ||
| 005 | 20210127130406.0 | ||
| 008 | 110516s2010 ua g 000 jf ara d | ||
| 017 | _a2007 / 26484 | ||
| 020 | _a9789770922904 | ||
| 040 |
_aEG-ScBUE _bara _erda _cEG-ScBUE _dEG-ScBUE |
||
| 082 | 0 | 4 |
_a892.737 _bغ ا د _222 |
| 100 | 1 |
_aعبد العال، غادة، _d1978- _eمؤلف. |
|
| 245 | 1 | 0 |
_aعايزة أتجوز / _cغادة عبد العال. |
| 250 | _aالطبعة التاسعة. | ||
| 264 | 1 |
_aالقاهرة : _bدار الشروق، _c2010. |
|
| 300 |
_a176 صفحة ؛ _c20 سم |
||
| 336 |
_aنص _btxt _2rdacontent |
||
| 337 |
_aبدون وسيط _bn _2rdamedia |
||
| 338 |
_aمجلد _bnc _2rdacarrier |
||
| 650 | 7 |
_aالقصص العربية _yقرن 21. _2BUEsh |
|
| 651 | _2BUEsh | ||
| 653 |
_bARALIT _bGGEN _cMay2011 |
||
| 942 |
_2ddc _cBB |
||